Statistics for FC Bayern Munich 2018/2019 Squad

Click here to take the quiz!

General Stats

  • This quiz has been taken 51 times
    (21 since last reset)
  • The average score is 19 of 27

Answer Stats

No. Answer % Correct
6Spain (MF)Thiago
100%
9Poland (FW)Robert Lewandowski
100%
25Germany (FW)Thomas Müller
100%
1Germany (GK)Manuel Neuer
100%
29France (MF)Kingsley Coman
93%
17Germany (DF)Jérôme Boateng
93%
32Germany (DF)Joshua Kimmich
93%
5France (DF)Benjamin Pavard
93%
4Germany (DF)Niklas Süle
86%
22Germany (MF)Serge Gnabry
86%
27Austria (DF)David Alaba
86%
8Spain (DF)Javi Martínez
86%
21France (DF)Lucas Hernandez
86%
26Germany (GK)Sven Ulreich
79%
24France (MF)Corentin Tolisso
79%
19Canada (MF)Alphonso Davies
79%
14Croatia (FW)Ivan Perišić
79%
10Brazil (MF)Philippe Coutinho
71%
-Croatia (MAN)Niko Kovač
64%
35Portugal (MF)Renato Sanches
57%
18Germany (MF)Leon Goretzka
43%
36Germany (GK)Christian Früchtl
36%
15Germany (FW)Jann-Fiete Arp
29%
42Ghana (FW)Kwasi Okyere Wriedt
21%
39Germany (GK)Ron-Thorben Hoffmann
14%
33Germany (DF)Lars Lukas Mai
14%
11France (MF)Mickaël Cuisance
7%

Score Distribution

Percentile by Number Answered

Percent of People with Each Score

Your Score History

You have not taken this quiz since the last reset